| 000 | 01055nam a22002897a 4500 | ||
|---|---|---|---|
| 999 |
_c21009 _d21009 |
||
| 003 | OSt | ||
| 005 | 20210430105249.0 | ||
| 008 | 170123b xxu||||| |||| 00| 0 eng d | ||
| 020 | _a9780226304656 (hardcover : alkaline paper) | ||
| 020 | _a9780226304663 (paperback : alkaline paper) | ||
| 020 | _a0226304655 (hardcover : alkaline paper) | ||
| 020 | _a0226304663 (paperback : alkaline paper) | ||
| 040 |
_aMMU _beng _cMMU _eMMU |
||
| 050 | 0 | 0 |
_aLB1027.5 _b.G635 2012 |
| 100 | 1 | _aGould, Jon B. | |
| 245 | 1 | 0 |
_aHow to succeed in college (while really trying) : _ba professor's inside advice / _cJon B. Gould. |
| 260 |
_aLondon : _bThe University of Chicago Press, _c2012. |
||
| 264 | 1 | _b, | |
| 300 |
_axi, 168 p. : _c24 cm. |
||
| 336 |
_atext _2rdacontent |
||
| 337 |
_aunmediated _2rdamedia |
||
| 338 |
_avolume _2rdacarrier |
||
| 500 | _aIncludes bibliographical references and index. | ||
| 650 | 0 |
_aEducational counseling _vHandbooks, manuals, etc. |
|
| 650 | 0 |
_aCounseling in higher education _vHandbooks, manuals, etc. |
|
| 942 |
_2lcc _cSHORTLOAN |
||